Central Library OPAC University of Rajshahi

International river and canal transport / (Record no. 61436)

MARC details
000 -LEADER
fixed length control field 00968nam a2200289 a 4500
001 - CONTROL NUMBER
control field 61436
003 - CONTROL NUMBER IDENTIFIER
rucl marc code BD-RjUL
005 - DATE AND TIME OF LATEST TRANSACTION
control field 20211209080950.0
008 - FIXED-LENGTH DATA ELEMENTS--GENERAL INFORMATION
fixed length control field 170118s1945 enkb b 001 0 eng
035 ## - SYSTEM CONTROL NUMBER
System control number (BD-RjUL)61560
040 ## - CATALOGING SOURCE
Original cataloging agency DLC
Transcribing agency OCU
Modifying agency OCU
-- BD-RjUL
Language of cataloging eng
041 ## - LANGUAGE CODE
Language code of text/sound track or separate title eng
082 ## - DEWEY DECIMAL CLASSIFICATION NUMBER
Classification number 386.3
Edition number 23
Author mark and year MAI 1945
100 1# - MAIN ENTRY--PERSONAL NAME
Personal name Mance, Osborne,
Dates associated with a name 1875-1966.
9 (RLIN) 183139
245 10 - TITLE STATEMENT
Title International river and canal transport /
Statement of responsibility, etc. by Brig.-Gen. Sir Osborne Mance assisted by J. E. Wheeler.
260 ## - PUBLICATION, DISTRIBUTION, ETC. (IMPRINT)
Place of publication, distribution, etc. London :
Name of publisher, distributor, etc. Oxford university press,
Date of publication, distribution, etc. 1945.
300 ## - PHYSICAL DESCRIPTION
Pagination viii, 115 p. :
Illustrations ill. ;
Size 22 cm.
500 ## - GENERAL NOTE
General note Include index
650 #0 - SUBJECT ADDED ENTRY--TOPICAL TERM
Topical term or geographic name as entry element International rivers.
9 (RLIN) 183141
Topical term or geographic name as entry element Canals.
9 (RLIN) 183142
Topical term or geographic name as entry element Inland navigation.
9 (RLIN) 183143
700 1# - ADDED ENTRY--PERSONAL NAME
Personal name Wheeler, J. E.
710 2# - ADDED ENTRY--CORPORATE NAME
Corporate name or jurisdiction name as entry element Royal Institute of International Affairs.
9 (RLIN) 183145
942 ## - ADDED ENTRY ELEMENTS (KOHA)
Source of classification or shelving scheme Dewey Decimal Classification
Koha item type Books
Holdings
Lost status Source of classification or shelving scheme Damaged status Not for loan Collection code Permanent Location Current Location Shelving location Date acquired Source of acquisition Cost, normal purchase price Total Checkouts Full call number Date last seen Copy number Koha item type
  Dewey Decimal Classification   Not For Loan Non-fiction Central Library, University of Rajshahi Central Library, University of Rajshahi Reading Room 17/07/1955 O.U.P. Dacca 54.00   386.3 MAI 1945 18/01/2017 C-1 Books